Ricostruisci la Carriera del Calciatore - Angelo Peruzzi - Statistics

Statistiche generali
  • Questo quiz è stato fatto 9 volte
  • Il punteggio medio è 3 su 6
Statistiche sulle risposte
Hint Risposta % Corretto
2000-2007 Lazio
67%
1989-1990 Verona
67%
1999-2000 Inter
56%
1990-1991 Roma
56%
1991-1999 Juventus
44%
1987-1989 Roma
44%
Nessun quiz corrispondente trovato
Distribuzione punteggi
Percentuale di utenti per punteggio
Percentile per numero di risposta
I tuoi punteggi nel tempo
Non hai fatto questo quiz